Dietárna vláknina v prevencii chronických ochorení bakalárska práca

Gespeichert in:
Bibliographische Detailangaben
1. Verfasser: Červienková, Katarína
Format: Buch
Sprache:Slowenisch
Veröffentlicht: Bratislava STU FCHPT 2016
Online-Zugang:Im OPAC anzeigen
Tags: Tag hinzufügen
Keine Tags, Fügen Sie das erste Tag hinzu!

MARC

LEADER 00000nam a2200000 a 4500
005 20260127134418.0
008 160909 2016 000 0 slv d
035 |a vtls011578663 
039 9 |y 201609090856  |z mschk03 
040 |a STUSCHK1  |b slo  |c STUSCHK1  |e AACR2 
100 1 |a Červienková, Katarína 
245 1 |a Dietárna vláknina v prevencii chronických ochorení  |b bakalárska práca  |c Katarína Červienková 
260 |a Bratislava  |b STU FCHPT  |c 2016 
300 |a 53 s.  |b il.  |c 25 
500 |a Študijný program: výživa, kozmetika, ochrana zdrvia 
500 |a Študijný odbor: potravinárstvo 
500 |a Školiace pracovisko: Odd. výživy a hodnotenia kvality potravín 
500 |a Evid. číslo: FCHPT-104558-61463 
910 |a SCHK95 
999 |c 12178  |d 12178